000
00296nam a22001337a 4500
008
170615b xxu||||| |||| 00| 0 eng d
020
_a
9780813338057
041
_a
eng
080
_a
32
100
_a
19
101
_a
SHP
245
_a
BUILDING THE RUSSIAN STATE
_c
SPERLING,V
942
_2
udc
_c
BK
999
_c
17479
_d
17479